| 000 | 00497nam a22001337a 4500 | ||
|---|---|---|---|
| 008 | 160416b xxu||||| |||| 00| 0 eng d | ||
| 082 |
_22005 _aUT 0131 _bSa55 |
||
| 100 |
_95749 _aGarcia-Sanchez, Maruli Ali. |
||
| 245 |
_aEnlish language proficiency of selected public and private high school in Davao del Sur/ _cMaruli Ali Garcia-Sanchez. |
||
| 260 |
_aDigos City: _bUMDC _cMarch 2005. |
||
| 300 |
_a94 pages; _c29 cm. |
||
| 650 | 0 |
_95751 _aLiberal Arts _vEnglish _xUndergraduate thesis. |
|
| 942 |
_2ddc _cUT |
||
| 999 |
_c1812 _d1812 |
||